Famous Art - Statistics

General Stats
  • This quiz has been taken 93 times
    82 since last reset
  • The average score is 30 of 69
Answer Stats
Hint Artist Country Add. Information Answer % Correct
The Last Supper Italy Mural Da Vinci
94%
Water lilies France impressionism Monet
94%
Guernica Spain Basque, Cubism, Mural oil-pastel Picasso
94%
Starry Night Netherlands post-impressionism van Gogh
94%
The Scream Norway expressionism, oil Munch
92%
Mona Lisa Italy Renaissance Da Vinci
90%
The Night Watch Netherlands Oil on canvas Rembrandt
90%
The Girl with a Pearl Earing Netherlands Dutch Golden Age Vermeer
90%
Campbell's Soup Cans USA Pop Art, Modern Art Warhol
88%
The Creation of Adam Italy Renaissance Michelangelo
82%
The Persistence of Memory Spain Surrealism Dali
80%
Statue of David Italy Renaissance Michelangelo
80%
The School of Athens Italy Vatican, Fresco, Rennaisance Raphael
80%
The Thinker France The Gates of Hell Rodin
78%
Olympia France Impressionism, realism Manet
75%
The Birth of Venus Italy Italian Renaissance Botticelli
73%
Three Musicians Spain Synthetic Cubism Picasso
73%
Les Demoiselles d’Avignon Spain Cubism Picasso
73%
Water Lily Pond France Part of a Set Monet
71%
Self-Portrait Netherlands post-impressionism van Gogh
71%
The Third of May 1808 Spain History painting Goya
69%
Nighthawks USA American Realism Hopper
69%
The Garden of Earthly Delights Netherlands Triptych Bosch
59%
A Sunday Afternoon on the Island of La Grande Jatte France Pointillism Seurat
59%
Cafe Terrace at Night Netherlands Post-Impressionism, Cloisonism van Gogh
59%
American Gothic USA Modernism Wood
57%
No. 5, 1948 USA Abstract Expressionism Pollock
55%
Las Meninas Spain Baroque Velazquez
55%
The Kiss Austria Art Nouveau, symbolism Klimt
53%
The Son of Man Belgium Surrealism Magritte
51%
The Arnolfini Portrait Netherlands Early Renaissance van Eyck
51%
The Great Wave off Kanagawa Japan woodblock print/ukiyo-e Hokusai
47%
Beheading of John the Baptist Italy St.John's Church Malta Caravaggio
41%
The Ambassadors Germany still life portrait Holbein
37%
No 1 (1950) Lavender Mist USA Abstract Pollock
37%
Le Dejeuner sur l’herbe France Impressionism, realism Manet
35%
The Flower Carrier Mexico Masonite, Tempera Rivera
35%
Saturn Devouring His Son Spain Romanticism Goya
33%
Nude Descending a Staircase, No. 2 France/USA cubism, cubo-futurism Duchamp
29%
Impression, Sunrise France Impressionism Monet
29%
The Bathers (1906) France post-impressionism, cubism Cezanne
25%
Man at the Crossroads (incomplete) Mexico muralist, destroyed Rivera
24%
Red Room France fauvism, expressionism Matisse
20%
Bal du Moulin de la Galette France Impressionism Renoir
20%
Christina’s World USA Olson House Wyeth
20%
The Gross Clinic USA Realism Eakins
18%
The Sleeping Gypsy France Primitivism, naïve art Rousseau
18%
Arrangement in Grey and Black No.1 USA Realism Whistler
18%
Lady with an ermine Italy high renaissance, Poland Da Vinci
16%
Portrait of Adele-Bloch Bauer I Austria Art Nouveau, Vienna Secession Klimt
16%
Broadway Boogie Woogie Netherlands De Stijl Mondrian
16%
The Card Players France Post-impressionism, Qatar Cezanne
14%
The Storm on the Sea of Galilee Netherlands Dutch Golden Age; stolen Rembrandt
14%
Massacre of the Innocents Belgium Panel Painting, Herod Rubens
14%
Bacchus and Ariadne Italy Renaissance Titian
14%
Venus de Milo Ancient Greece Marble Alexandros of Antioch
12%
Dogs Playing Poker USA Commercal Coolidge
12%
The Bride Stripped Bare by Her Bachelors, Even (The Large Glass) France Dada Duchamp
12%
Time Transfixed Belgium Surrealist Magritte
12%
Landscape with the Fall of Icarus Netherlands Landscape, Visionary Bruegel
10%
Composition 8 Russia abstract Kandisky
10%
Sleeping Venus Italy Renaissance Titian
10%
I and the village Russia/France/Belarus Surrealism, Cubism Chagall
8%
Peaceable Kingdom USA Quaker Hicks
8%
Portrait of Madame Recamier France Neoclassicism David
6%
Grande Odalisque France Neoclassicism Dominique-Ingres
6%
The Twittering Machine Switzerland watercoloring Klee
6%
Mystery and Melancholy of a Street Italy Metaphysical art de Chirico
4%
Portrait of a Lady Netherlands Renaissance van der Weyden
2%
No matching quizzes found
Score Distribution
Percent of People with Each Score
Percentile by Number Answered
Your Score History
You have not taken this quiz since the last reset